HIV/AIDS counselling manual for health workers / (Record no. 22322)

MARC details
000 -LEADER
fixed length control field 00928nam a22002297a 4500
008 - FIXED-LENGTH DATA ELEMENTS--GENERAL INFORMATION
fixed length control field 090123t xxu||||| |||| 00| 0 eng d
010 ## - LCCN (DPL NO)
LC control number ENG-92588
020 ## - INTERNATIONAL STANDARD BOOK NUMBER
International Standard Book Number 9788188973972
Terms of availability 80.00
035 ## - SYSTEM CONTROL NUMBER
System control number EN-76121
037 ## - SOURCE OF ACQUISITION
Source of stock number/acquisition DBAD / PUB
040 ## - CATALOGING SOURCE
Original cataloging agency dpl
Language of cataloging English
082 ## - DEWEY DECIMAL CLASSIFICATION NUMBER
Classification number 614.5993
100 ## - MAIN ENTRY--PERSONAL NAME
Personal name Hulle, Suzanne Van
245 ## - TITLE STATEMENT
Title HIV/AIDS counselling manual for health workers /
Statement of responsibility, etc by Suzanne Van Hulle
260 ## - PUBLICATION, DISTRIBUTION, ETC. (IMPRINT)
Place of publication, distribution, etc New Delhi
Name of publisher, distributor, etc Voluntary Health Association of India
Date of publication, distribution, etc 2006
270 ## - ADDRESS
Address B-40, Qutab Institutional Area
City New Delhi
Postal code 110016
300 ## - PHYSICAL DESCRIPTION
Extent 76p.:
Other physical details ill.
Dimensions 23cm (pbk)
650 ## - SUBJECT ADDED ENTRY--TOPICAL TERM
Topical term or geographic name as entry element AIDS (Disease)
General subdivision Prevention.
Geographic subdivision India
650 ## - SUBJECT ADDED ENTRY--TOPICAL TERM
Topical term or geographic name as entry element AIDS (Disease)
General subdivision Patients
-- Counseling of
942 ## - ADDED ENTRY ELEMENTS (KOHA)
Source of classification or shelving scheme Dewey Decimal Classification
Item type English Books
Classification part 614.5993
Call number suffix HUL
Holdings
Withdrawn status Lost status Source of classification or shelving scheme Damaged status Not for loan Collection code Home library Current library Date acquired Source of acquisition Cost, normal purchase price Total Checkouts Full call number Barcode Date last seen Copy number Cost, replacement price Koha item type
    Dewey Decimal Classification   Not For Loan Non-fiction D.B.Act.Division D.B.Act.Division 23/01/2009 DBAD / PUB 80.00   614.5993 HUL EN-76121 23/01/2009 1 80.00 English Books

© Delhi Public Library
Hit Counter
free hit counter